|
|
|
|
| LEADER |
00000nam0a2200000 4500 |
| 001 |
343948 |
| 005 |
20241126063153.0 |
| 010 |
|
|
|a 9788845249433
|
| 035 |
|
|
|a (RuTPU)RU\TPU\book\374808
|
| 090 |
|
|
|a 343948
|
| 100 |
|
|
|a 20191127d2010 km y0engy50 ba
|
| 101 |
0 |
|
|a ita
|
| 102 |
|
|
|a IT
|
| 105 |
|
|
|a ab z 001zy
|
| 200 |
1 |
|
|a Storia Della Russia. Dalle Origini al Giorni Nostri
|f N. V. Riasanovsky
|
| 210 |
|
|
|a Milano
|c Storia Paperback
|d 2010
|
| 215 |
|
|
|a 730 p.
|c il.
|
| 225 |
1 |
|
|a Tascabili Bompiani
|
| 320 |
|
|
|a Bibliografia c. 643-644
|
| 320 |
|
|
|a Indice Analitico : c. 665-722
|
| 330 |
|
|
|a Fra le storie della Russia oggi disponibili, questa di Nicholas Riasanovsky e la piu adatta a illuminare da un punto di vista storico le ragioni profonde degli awenimenti che agitano in questi anni lex Unione Sovietica. La ricostruzione dello storico inglese accompagna i russi attraverso la loro storia millenaria dallo stato di Kiev al principato di Mosca, dal regno di Ivan il Terribile all'ampio processo di occidentalizzazione di Pietro il Grande, dai tentativi riformistici del XTX secolo fino alia fondazione dello stato sovietico, dagli anni del terrore staliniano a quelli della stagnazione brezneviana. Sergio Romano, gia ambasciatore a Mosca, ha completato l'opera con tre nuovi capitoli in cui il lettore trovera una prima interpretazione storica delle trasformazioni politiche, economiche, sociali e culturali che si sono prodotte in questi ultimi anni, dalla svolta democratica di Gorbacev alia fine dell'Urss, dalla presidenza di El'cin a quella di Putin.
|
| 606 |
|
|
|a Россия
|x История
|7 ca
|8 rus
|2 stltpush
|3 (RuTPU)RU\TPU\subj\64777
|9 81526
|
| 610 |
1 |
|
|a Киевская Русь
|
| 610 |
1 |
|
|a Московская Русь
|
| 610 |
1 |
|
|a удельные княжества
|
| 610 |
1 |
|
|a Российская империя
|
| 610 |
1 |
|
|a РСФСР
|
| 610 |
1 |
|
|a Советский Союз
|
| 610 |
1 |
|
|a правители
|
| 610 |
1 |
|
|a реформы
|
| 610 |
1 |
|
|a революции
|
| 610 |
1 |
|
|a войны
|
| 610 |
1 |
|
|a экономика
|
| 610 |
1 |
|
|a культура
|
| 610 |
1 |
|
|a политика
|
| 610 |
1 |
|
|a итальянский язык
|
| 686 |
|
|
|a Т3(2)
|v LBC/SL-A
|2 rubbk
|
| 700 |
|
1 |
|a Riasanovsky
|b N. V.
|g Nicholas
|
| 801 |
|
1 |
|a RU
|b 63413507
|c 20191127
|
| 801 |
|
2 |
|a RU
|b 63413507
|c 20191223
|g RCR
|
| 942 |
|
|
|c BK
|